000 00917 a2200181 4500
003 Nust
005 20230620135035.0
020 _a0256001197
040 _cNust
082 _a310,MAS
100 _aMason, Robert
_9113167
245 _aBusiness and economic statistics
_bprogrammed learning aid /
_cRobert Mason
260 _aU S A
_bIrwin dorsey Limited
_c1978
300 _axi,166. p.;
505 _aIntroduction (Page-1) The Collection and presentation of statistical data (Page-5) Frequency distributions (Page-13) Measures of central tendency (page-22) Probability distributions (page-51) An introduction to sampling (page-63) Statistical decision theory (Page-77) Bayes, theorem and decision making (page-95) chi-square (Page-102) Simple regression and correlation (Page-118) Multiple correlation and regression (Page-126) Time series analysis (Page-135).
650 _astatistics
_969
942 _2ddc
_cBK
999 _c215391
_d215391